书目信息 |
| 题名: |
微观经济学
|
|
| 作者: | 金浩 , 高素英 , 孙丽文 著 | |
| 分册: | ||
| 出版信息: | 天津 南开大学出版社 2004.02 |
|
| 页数: | 605页 | |
| 开本: | 21cm | |
| 丛书名: | ||
| 单 册: | ||
| 中图分类: | F016 | |
| 科图分类: | ||
| 主题词: | 微观经济学--wei guan jing ji xue--高等学校--教材 | |
| 电子资源: | ||
| ISBN: | 7-310-02051-0 | |
| 000 | 00940nam0 2200289 450 | |
| 001 | 012007550249 | |
| 005 | 20071010160513.62 | |
| 010 | @a7-310-02051-0@dCNY32.00 | |
| 100 | @a20070817d2004 km y0chiy0120 ea | |
| 101 | 0 | @achi |
| 102 | @aCN@b120000 | |
| 105 | @aa a 000yy | |
| 200 | 1 | @a微观经济学@Awei guan jing ji xue@f金浩, 高素英, 孙丽文@Fjin hao,gao su ying,sun li wen |
| 210 | @a天津@c南开大学出版社@d2004.02 | |
| 215 | @a605页@c图@d21cm | |
| 312 | @a英文并列题名取自封面。 | |
| 320 | @a有书目。 | |
| 330 | @a本书包括:导论、需求与供给理论、市场的局部均衡价格理论、消费者偏好与效用理论、不确定条件下的消费者选择等。 | |
| 333 | @a理工科适用 | |
| 510 | 1 | @aMicroeconomics@zeng |
| 606 | 0 | @a微观经济学@Awei guan jing ji xue@x高等学校@j教材 |
| 690 | @aF016@v4 | |
| 701 | 0 | @a金浩@Ajin hao@4著 |
| 701 | 0 | @a高素英@Agao su ying@4著 |
| 701 | 0 | @a孙丽文@Asun li wen@4著 |
| 801 | 0 | @aCN@c20071010 |
| 905 | @dF016@eJ776 | |
| 微观经济学/金浩, 高素英, 孙丽文.-天津:南开大学出版社,2004.02 |
| 605页:图;21cm |
| 使用对象:理工科适用 |
| ISBN 7-310-02051-0:CNY32.00 |
| 本书包括:导论、需求与供给理论、市场的局部均衡价格理论、消费者偏好与效用理论、不确定条件下的消费者选择等。 |
| ● |
| 相关链接 |
|
|
|
正题名:微观经济学
索取号:F016/J776
 
预约/预借
| 序号 | 登录号 | 条形码 | 馆藏地/架位号 | 状态 | 备注 |
| 1 | 254093 | 202540937 | 社科库409/409社科库 63排1列4层/ [索取号:F016/J776] | 在馆 | |
| 2 | 254094 | 202540946 | 社科库409/409社科库 63排1列4层/ [索取号:F016/J776] | 在馆 | |
| 3 | 254095 | 202540955 | 社科库409/400B社科库 3排4列1层/ [索取号:F016/J776] | 在馆 |